01815nam a22004337a 4500003000500000005001700005008004100022010001000063011001000073035001000083040000900093090001000102100004100112245016700153260004100320300002200361502007500383590003700458590004100495590004100536590004100577590004100618590004100659590004100700590004200741650003200783650003600815650003100851700004500882700003300927901000700960905002400967942000900991949005501000949004201055999001701097952014001114952012701254CHAP20220329142309.0000523d1999 mx r 00110 spa d a81239 a82211 a92699 cCHAP aTesis00aGómez Sánchez, Francisco.94990010aCrecimiento estacional y valor nutritivo de ocho variedades de alfalfac/por Francisco Gómez Sánchez, Hermes Alberto Joaquín Santos y Pedro Molina Mendóza aChapingo, Méx. :bEl autor,c2000. a64 h. :bgráfs. aTesis (Ing. Agr. Esp. en Zootecnia) -- UACH. Departamento de Zootecnia aALEPHb10c20130110lUCH01h1435 aBATCH-UPDb10c20130110lUCH01h0546 aBATCH-UPDb10c20130110lUCH01h2333 aBATCH-UPDb10c20130410lUCH01h0228 aBATCH-UPDb10c20130410lUCH01h1623 aBATCH-UPDb10c20130914lUCH01h0251 aBATCH-UPDb10c20130914lUCH01h2137 aCONVERSIONb10c20130109lUCH01h134514aAlfalfaxCrecimiento.9385814aAlfalfaxValor nutritivo.9389214aAlfalfaxVariedades.938930 aJoaquín Santos, Hermes Alberto.9617260 aMoina Mendoza, Pedro.977294 aBK aMayto Villalobos S. cFOLL bBCcTESd33724000780326eTS2fc.2h36250i92699si bBCcTESd926991eTS1h36249i92699sb c81239d81239 00102local4053708TESISaBCbBCcPA_TESISd2019-12-31fTESISl0oTesisp33724000780326r2019-12-31 00:00:00tc.2w2019-12-31yTESIS 00102local4051708TESISaBCbBCcPA_TESISd2019-12-31fTESISl0oTesisp926991r2019-12-31 00:00:00w2019-12-31yTESIS